000 00604nmm a2200193Ia 4500
008 251105s9999||||xx |||||||||||||||||und||
020 _a9789560002631
041 _aspa
100 _aGarcía de la Huerta, Marco
245 0 _aRepública, liberalismo y democracia
264 _a[Santiago de Chile, Chile] :
_bLOM Ediciones,
_c2011
300 _a204 páginas
490 _aCiencias Sociales y Humanas
650 _aSocial Sciences (General)
700 _aGarcía de la Huerta, Marco
700 1 _a Ruiz Schneider, Carlos
856 _uhttps://public.digitaliapublishing.com/a/13200
942 _cCF
999 _c65886
_d65886